000 00847nam a22002537a 4500
001 6173
003 FISKH
005 20250324113336.0
008 250324b cb ||||| |||| 00| 0 eng d
020 _a9780439620376
040 _aFISKH
_beng
_cFISKH
_dFISKH
050 _aPE1591 .P575
082 _a423.1
100 _aBollard, John K.
245 _aScholastic pocket thesaurus /
_cBy John K. Bollard
250 _aFirst printing , July 2005
260 _aNew York :
_bScholastic ;
_c2002.
300 _a2520 pages :
_bcolor illustrations ;
_c20 cm .
520 _aProvides a brief definition and lists of synonyms for common English words, with a cross-referencing index arranged throughout the book alphabetically.
650 _aLanguage arts
_vNon-fiction
650 _aReference
_vNon-fiction
942 _2ddc
_cBK
_n0
999 _c6173
_d6173